000 00593nam a22001817a 4500
005 20140310183646.0
008 140108b xxu||||| |||| 00| 0 eng d
020 _a9781879097575
050 _aQA 158
_b.K97 2001
100 _aKushnir, Dina
245 _aCooperative learning & mathematics :
_bhigh school activities /
_cDina Kushnir.
260 _aCalifornia :
_bKagan Online,
_c2001.
300 _a405 p. :
_bill. ;
_c27 cm.
650 _aMix and Match--
_xAlgebra
_xGeometry
_xTrigonometry
650 _aLine Ups--
_xAlgebra
_xgeometry
_xPre Calculus
942 _2lcc
_cBK
999 _c25938
_d25938